LEADER 00847nam0 2200265 450 001 000000718 005 20050630115200.0 010 $a88-204-3184-X 100 $a--------d1989----km-y0itay50------ba 101 $aita 102 $aIT 200 1 $a<>sistema organizzativo aziendale$fFranco Fontana 205 $aNuova ed. ampliata 210 $a[Milano]$cFranco Angeli$d1989 215 $a305 p.$cill.$d22 cm 225 2 $a<>società industriale e postindustriale$iSez. 2, Saggi$v7 410 0$12001$a<>società industriale e postindustriale 610 1 $aAziende$aOrganizzazione 676 $a658 700 1$aFontana,$bFranco$0460869 801 0$aIT $bUNIPARTHENOPE $gRICA $2UNIMARC 912 $a000000718 951 $cNAVA1$a658-S/14$b31049$d20000216 996 $aSistema organizzativo aziendale$9198369 997 $aUNIPARTHENOPE LEADER 01078nam2 22003013i 450 001 RAV0056112 005 20231121125627.0 100 $a20181108d1973 ||||0itac50 ba 101 | $aita 102 $ait 181 1$6z01$ai $bxxxe 182 1$6z01$an 200 0 $a1$fJean Laplanche, J.-B.Pontalis 210 $aRoma$aBari$cLaterza$d1973 215 $aXXII, 319 p.$d18 cm. 225 | $aUniversale Laterza$v259 410 0$1001CFI0000008$12001 $aUniversale Laterza$v259 461 1$1001RAV0056110$12001 $aEnciclopedia della psicanalisi$fJean Laplanche, J.-B. Pontalis$v1 606 $aPsicanalisi$xEnciclopedie e dizionari$2FIR$3RMLC000012$9I 700 1$aLaplanche$b, Jean$3CFIV079563$4070$0160143 801 3$aIT$bIT-01$c20181108 850 $aIT-FR0017 899 $aBiblioteca umanistica Giorgio Aprea$bFR0017 $eN 912 $aRAV0056112 950 2$aBiblioteca umanistica Giorgio Aprea$d 52MAG 1/477.1$e 52MAG0000044945 VMB RS $fA $h20181108$i20181108 977 $a 52 996 $a1$93615257 997 $aUNICAS